The British imperial calendar for 1815, or, General register of the United Kingdom of Great Britain and Ireland and its colonies (Record no. 114202)
[ view plain ]
| 000 -LEADER | |
|---|---|
| fixed length control field | 00886cam a22001815a 4500 |
| 001 - CONTROL NUMBER | |
| control field | L156354 |
| 008 - FIXED-LENGTH DATA ELEMENTS--GENERAL INFORMATION | |
| fixed length control field | 120515s1815 xxk f 000 0 eng d |
| 035 ## - SYSTEM CONTROL NUMBER | |
| System control number | (Sirsi) u156354 |
| 041 0# - LANGUAGE CODE | |
| Language code of text/sound track or separate title | eng |
| 100 1# - MAIN ENTRY--PERSONAL NAME | |
| Personal name | Capper, Benjamin Pitts |
| 245 04 - TITLE STATEMENT | |
| Title | The British imperial calendar for 1815, or, General register of the United Kingdom of Great Britain and Ireland and its colonies |
| Remainder of title | containing lists of both Houses of Parliament, all the official departments of the state, and branches of public service, the church, the law, national, scientific, or commercial companies and institutions, with many additional articles of public utility |
| 260 ## - PUBLICATION, DISTRIBUTION, ETC. | |
| Place of publication, distribution, etc. | London |
| Name of publisher, distributor, etc. | Printed for Winchester and Son [...] |
| Date of publication, distribution, etc. | [1815] |
| 300 ## - PHYSICAL DESCRIPTION | |
| Extent | xii, 360 p. |
| Dimensions | 19 cm. |
| 583 ## - ACTION NOTE | |
| Action | Condition reviewed |
| Time/date of action | 20120620 |
| Status | condition level 1 |
| 651 #4 - SUBJECT ADDED ENTRY--GEOGRAPHIC NAME | |
| Geographic name | Great Britain |
| Chronological subdivision | 1707- |
| 690 ## - LOCAL SUBJECT ADDED ENTRY--TOPICAL TERM (OCLC, RLIN) | |
| Topical term or geographic name as entry element | Business and management |
| 942 ## - ADDED ENTRY ELEMENTS (KOHA) | |
| Suppress in OPAC | 0 |
| Withdrawn status | Lost status | Source of classification or shelving scheme | Damaged status | Not for loan | Home library | Current library | Shelving location | Date acquired | Total Checkouts | Full call number | Barcode | Date last seen | Copy number | Price effective from | Koha item type |
|---|---|---|---|---|---|---|---|---|---|---|---|---|---|---|---|
| Dewey Decimal Classification | Historic collection | Historic collection | Historic collection | 15/05/2012 | OCTAVO 1815 CAPPER | 30077843 | 06/08/2019 | 1 | 06/08/2019 | Book |